00571nam a2200181Ia 4500008004100000100001900041245007000060245002100130260003000151260000900181300004300190440004000233650003400273650001900307650002200326650002200348999001900370190422s9999 xx 000 0 und d aChen, Meng-Mei aStudents' perception of the educational usage of facebook group / cMeng-Mei Chen.-- bTaylor and Francis Group  c2018 apages 332-348, October-Decemebr 2018  aTeaching in Travel & Tourismv18(4) aEducational Usage of facebook aFacebook Group aFacebook Learning aFacebook Pedagogy c361483d361483